|
|
|
|
| LEADER |
02044nam a2200577 4500 |
| 001 |
ocn777333234 |
| 003 |
OCoLC |
| 005 |
20170124070348.9 |
| 006 |
m o d |
| 007 |
cr |n||||||||| |
| 008 |
110831s2011 enk fob 001 0 eng d |
| 040 |
|
|
|a CDX
|b eng
|e pn
|c CDX
|d DG1
|d OCLCQ
|d OCLCF
|d OCLCQ
|d EBLCP
|d OCLCQ
|d DG1
|d GrThAP
|
| 020 |
|
|
|a 9781118315835
|q (electronic bk.)
|
| 020 |
|
|
|a 1118315839
|q (electronic bk.)
|
| 020 |
|
|
|z 9781444350227
|q (Paper)
|
| 020 |
|
|
|z 1444350226
|q (Paper)
|
| 024 |
8 |
|
|a 9786613449061
|
| 029 |
1 |
|
|a AU@
|b 000049014081
|
| 029 |
1 |
|
|a GBVCP
|b 79003588X
|
| 029 |
1 |
|
|a NZ1
|b 15915838
|
| 035 |
|
|
|a (OCoLC)777333234
|
| 037 |
|
|
|a 344906
|b MIL
|
| 050 |
|
4 |
|a HD9502.A2
|
| 082 |
0 |
4 |
|a 363.738/746
|2 23
|
| 049 |
|
|
|a MAIN
|
| 245 |
0 |
4 |
|a The new carbon economy :
|b [constitution, governance and contestation] /
|c edited by Peter Newell, Max Boykoff and Emily Boyd.
|
| 264 |
|
1 |
|a Chichester :
|b Wiley-Blackwell,
|c 2012.
|
| 300 |
|
|
|a 1 online resource (184 pages).
|
| 336 |
|
|
|a text
|b txt
|2 rdacontent
|
| 337 |
|
|
|a computer
|b c
|2 rdamedia
|
| 338 |
|
|
|a online resource
|b cr
|2 rdacarrier
|
| 490 |
1 |
|
|a Antipode book series
|
| 500 |
|
|
|a Originally published as Volume 43, Issue 3 of Antipode.
|
| 504 |
|
|
|a Includes bibliographical references and index.
|
| 588 |
0 |
|
|a Print version record.
|
| 650 |
|
0 |
|a Emissions trading.
|
| 650 |
|
0 |
|a Carbon offsetting.
|
| 650 |
|
0 |
|a Environmental policy.
|
| 650 |
|
0 |
|a Energy development.
|
| 650 |
|
7 |
|a Carbon offsetting.
|2 fast
|0 (OCoLC)fst01744847
|
| 650 |
|
7 |
|a Emissions trading.
|2 fast
|0 (OCoLC)fst00908771
|
| 650 |
|
7 |
|a Energy development.
|2 fast
|0 (OCoLC)fst00910034
|
| 650 |
|
7 |
|a Environmental policy.
|2 fast
|0 (OCoLC)fst00913250
|
| 655 |
|
4 |
|a Electronic books.
|
| 700 |
1 |
|
|a Newell, Peter
|q (Peter John)
|
| 700 |
1 |
|
|a Boykoff, Maxwell T.
|
| 700 |
1 |
|
|a Boyd, Emily.
|
| 776 |
0 |
8 |
|i Print version:
|z 9781444350227
|z 9786613449061
|
| 830 |
|
0 |
|a Antipode book series.
|
| 856 |
4 |
0 |
|u https://doi.org/10.1002/9781118315835
|z Full Text via HEAL-Link
|
| 994 |
|
|
|a 92
|b DG1
|